| 000 | 00509nam a22001697a 4500 | ||
|---|---|---|---|
| 005 | 20251108165308.0 | ||
| 008 | 250721s1997 xx 000 0 ara d | ||
| 082 | 1 | 4 | _a631.8/أحم |
| 100 | 1 | _aبدران، أحمد السيد | |
| 245 | 1 | 0 | _aفضلات الحيوان الزراعي و الإستفادة منها / |
| 264 | 1 |
_aالإسكندرية : _bمنشأة المعارف، _c1997. |
|
| 300 | _a289ص | ||
| 650 | 1 | 7 | _aالأسمدة |
| 650 | 1 | 7 | _aالتربة |
| 942 |
_2ddc _cBK |
||
| 999 |
_c24382 _d24382 |
||